000 00339nam a22001457a 4500
008 230316b ||||| |||| 00| 0 eng d
020 _a9780131134447
041 _aeng
080 _2SECOND EDITION
_a616.31
082 _a616.31NAT
100 _a12
101 _aSTOMA
245 _aDENTAL PUBLIC HEALTH
_cNATHE. N. CH
942 _2udc
_cBK
999 _c59362
_d59362